| 000 | 01126nam0a22002891 4500 | ||
|---|---|---|---|
| 001 | rc\3212159 | ||
| 005 | 20130115140247.2 | ||
| 021 |
_aRU _b[76-22639] |
||
| 035 | _a(NLR Aleph) 007463838 | ||
| 090 |
_a7345267 _c7345267 |
||
| 100 | _a20130115d1976 |||y0rusy50 ca | ||
| 101 | 0 | _arus | |
| 102 | _aRU | ||
| 105 | _aa z ||||| | ||
| 200 | 1 |
_aОкско-Донское плоскоместье _f[Ф.Н. Мильков, Н.И. Ахтырцева, К.А. Дроздов и др.] _gПод ред засл. деят. науки РСФСР, проф. Ф.Н. Милькова |
|
| 210 |
_aВоронеж _cИзд-во Воронеж. ун-та _d1976 |
||
| 215 |
_a175 с. _cил. _d20 |
||
| 320 | _aСписок лит.: с. 169-174 | ||
| 606 |
_aГеографические ландшафты _yОкско-Донская низменность _2psbo |
||
| 701 | 1 |
_aАхтырцева _bН. И. |
|
| 701 | 1 |
_aДроздов _bК. А. |
|
| 701 | 1 |
_aМильков _bФ. Н. _gФедор Николаевич _4340 |
|
| 801 | 0 |
_aRU _bNLR _gpsbo |
|
| 801 | 1 |
_aRU _bELAR _2rusmarc |
|
| 852 |
_aNLR _j76-3/5077 |
||
| 942 | _cBOOK | ||
| 980 | _aNB | ||